000 00976nam a22002537a 4500
999 _c12066
_d12066
003 AR-CdUCM
008 190405b ||||| |||| 00| 0 spa d
040 _aMUNICIPALIDAD PROVINCIAL DEL CUSCO
_cBIBLIOTECA MUNICIPAL DEL CUSCO
041 _hfre
082 _a374.22 /
_bF399 / 1945
100 _aFerry, Jules François Camille
_929736
245 _aLa escuela laica /
260 _aBuenos Aires :
_bLosada,
_c1945.
300 _a167 paginas ;
_c19 cm.
440 _aBiblioteca del maestro
_n16
_929737
505 _aContenido: Informe sobre la organización general de la instrucción pública -- Carta Dirigida a los Maestros por el ministro de instrucción publica -- La enseñanza laica ...
650 _aEducacion Laica
_929738
700 _aBuisson, F.
_929739
700 _aPecaut, F.
_929740
700 _aJaurés, J. (coautores) ...
_929741
700 _aNavarro de Luzuriaga, Maria Luisa (traductor)
_929742
942 _2ddc
_cLIBROS
945 _acmm
_d2019-04-05